[Event "65th POL-ch"]
[Site "Lublin POL"]
[Date "2008.03.03"]
[Round "7"]
[White "Wojtaszek, Radoslaw"]
[Black "Heberla, Bartlomiej"]
[Result "1-0"]
[WhiteElo "2614"]
[BlackElo "2506"]
[PlyCount "109"]
[EventDate "2008.02.25"]

1. d4 d5 2. c4 dxc4 3. e4 e5 4. Nf3 exd4 5. Bxc4 Bb4+ 6. Bd2 Bxd2+ 7. Nbxd2 Nc6
8. O-O Qf6 9. b4 Bg4 10. Qa4 Nge7 11. e5 Qh6 12. h3 Be6 13. b5 Nd8 14. Nb3 O-O
15. Nbxd4 c6 16. bxc6 Nexc6 17. Bxe6 Nxe6 18. Nxc6 bxc6 19. Qxc6 Rac8 20. Qe4
Rc7 21. Rad1 Qg6 22. Qxg6 hxg6 23. Rc1 Rfc8 24. Rxc7 Rxc7 25. Rb1 g5 26. g3 Kh7
27. Kg2 Kg6 28. Rb3 Rc2 29. Ra3 Nc5 30. e6 Nxe6 31. Rxa7 f6 32. Re7 Nc7 33. Nd4
Rd2 34. Nf3 Rc2 35. Nd4 Rd2 36. Rd7 Nb5 37. Ne6 Rxa2 38. Rxg7+ Kf5 39. Nf8 Nd6
40. Re7 g4 41. hxg4+ Kxg4 42. Re6 Nf5 43. Rxf6 Ne3+ 44. Kg1 Nf5 45. Kg2 Ne3+
46. Kg1 Nf5 47. Ne6 Kh3 48. Nf4+ Kg4 49. Ne6 Kh3 50. Ng5+ Kg4 51. Ne4 Re2 52.
Nd6 Nxg3 53. Rg6+ Kf4 54. Rxg3 Rxf2 55. Kxf2 1-0